| 000 | 00444nam a2200181Ia 4500 | ||
|---|---|---|---|
| 001 | 12099 | ||
| 005 | 20260306162916.0 | ||
| 008 | 260306t2013||||xx |||||||||||||| ||spa|| | ||
| 041 | _aESP | ||
| 082 |
_aHR 340 _b2013/1 ELJ |
||
| 100 |
_aEötvos Loránd University. Faculty of Law _eAUT |
||
| 245 | 0 | _aELTE law journal | |
| 260 | _c2013 | ||
| 300 |
_a122 páginas : _c24 cm. |
||
| 650 | _aGEN | ||
| 654 | _aCDE | ||
| 942 |
_cREV _dJUS _fJUS _2ddc _n |
||
| 999 |
_c12099 _d12099 |
||